Normal view
MARC view
Entry Personal Name
001 - CONTROL NUMBER
- control field: 42740
003 - CONTROL NUMBER IDENTIFIER
- control field: dpl
005 - DATE AND TIME OF LATEST TRANSACTION
- control field: 20120221160057.0
008 - FIXED-LENGTH DATA ELEMENTS
- fixed length control field: 120221|||a|||||| | ||| d
040 ## - CATALOGING SOURCE
- Original cataloging agency: dpl
- Transcribing agency: dpl
100 ## - HEADING--PERSONAL NAME
- Personal name: Tharamangalam, Joseph.
670 ## - SOURCE DATA FOUND
- Source citation: Work cat.: (dpl)950: Kerala, the paradoxes of public action and development, 2006.
670 ## - SOURCE DATA FOUND
- Source citation: Work cat.: (dpl)950: Kerala, the paradoxes of public action and development, 2006.
